| 000 | 00536nam a2200181Ia 4500 | ||
|---|---|---|---|
| 005 | 20250923145303.0 | ||
| 008 | 008 250917s9999 xx 000 0 eng d | ||
| 037 | _aTextual | ||
| 040 |
_aDSWL _beng _cDSWL |
||
| 041 |
_aeng _2eng |
||
| 084 |
_aY:1:7, N72 _qDSWL |
||
| 100 |
_aAlatas, Syed Hussein _9833694 |
||
| 245 | 0 |
_aModernization and Social Change _cby Syed Hussein Alatas |
|
| 260 |
_aSydney _bAngus & Robert & Sons Pvt. Ltd. _c1972 |
||
| 300 | _a224p. | ||
| 942 |
_cTEXL _hY:1:7, N72 |
||
| 999 |
_c1449490 _d1449490 |
||